| 000 | 00361nam a22001457a 4500 | ||
|---|---|---|---|
| 999 |
_c27652 _d27652 |
||
| 008 | 250218b ||||| |||| 00| 0 eng d | ||
| 082 | 0 | 0 |
_a301 _bG151 |
| 100 |
_93516 _aGandhi, M. K. |
||
| 245 | 1 | 0 |
_aFrom Yeravda mandir _cM. K. Gandhi |
| 250 | _a3rd ed. | ||
| 260 |
_aAhmedabad: _bNavajivan Pub, _c1945. |
||
| 300 | _a67 p. | ||
| 650 | 0 | _aBiography | |
| 942 | _cBK | ||